Quality Management as Supportive System for Corporate Management of Medical Device Enterprises
Gespeichert in:
| 1. Verfasser: | |
|---|---|
| Format: | Buchkapitel |
| Sprache: | Englisch |
| Schlagworte: | |
| Tags: |
Keine Tags, Fügen Sie das erste Tag hinzu!
|
MARC
| LEADER | 00000nla a2200000 4500 | ||
|---|---|---|---|
| 001 | 0201633 | ||
| 005 | 20240502073409.9 | ||
| 041 | 0 | |a eng | |
| 044 | |a SK | ||
| 245 | 1 | 0 | |a Quality Management as Supportive System for Corporate Management of Medical Device Enterprises |c Michael Gschwandtner |
| 610 | 2 | 0 | |a riadenie kvality |
| 610 | 2 | 0 | |a systém riadenia kvality |
| 610 | 2 | 0 | |a riadenie podnikové |
| 610 | 2 | 0 | |a zdravotníctvo |
| 100 | 1 | |a Gschwandtner, Michael | |